Cours d'analyse mathématique / (Record no. 74869)

MARC details
000 -LEADER
campo de control de longitud fija 00554nam a2200193 i 4500
001 - NÚMERO DE CONTROL
campo de control 74869
003 - IDENTIFICADOR DE NÚMERO DE CONTROL
campo de control ES-MaACL
005 - FECHA Y HORA DE LA ÚLTIMA TRANSACCIÓN
campo de control 20250903024954.0
007 - CAMPO FIJO DE DESCRIPCIÓN FÍSICA--INFORMACIÓN GENERAL
campo de control de longitud fija t|
008 - DATOS DE LONGITUD FIJA--INFORMACIÓN GENERAL
campo de control de longitud fija 040921m19151918fr ||||1| fre d
100 1# - ENTRADA PRINCIPAL--NOMBRE DE PERSONA
Nombre de persona Goursat, Edouard.
9 (RLIN) 59366
245 10 - MENCIÓN DEL TÍTULO
Título Cours d'analyse mathématique /
Mención de responsabilidad, etc. par Edouard Goursat.
250 ## - MENCION DE EDICION
Mención de edición 3eme ed., rev. et aug.
260 ## - PUBLICACIÓN, DISTRIBUCIÓN, ETC.
Lugar de publicación, distribución, etc. París :
Nombre del editor, distribuidor, etc. Gauthier-Villars,
Fecha de publicación, distribución, etc. 1915-18.
300 ## - DESCRIPCIÓN FÍSICA
Extensión 3 v. :
Otras características físicas il. ;
Dimensiones 25 cm.
650 07 - PUNTO DE ACCESO ADICIONAL DE MATERIA--TÉRMINO DE MATERIA
Término de materia o nombre geográfico como elemento de entrada Análisis matemático
Fuente del encabezamiento o término embne
9 (RLIN) 9772
852 ## - LOCALIZACIÓN
Ubicación ES-MaACL
Número de control de estantería F-500-2
Holdings
Estatus retirado Estado de pérdida Estado de daño No para préstamo Biblioteca de origen Biblioteca actual Ubicación en estantería Fecha de adquisición Fuente de adquisición Total de préstamos Signatura topográfica completa Código de barras Visto por última vez Precio de reemplazo Tipo de ítem Koha
        Biblioteca del Ateneo de Madrid Biblioteca del Ateneo de Madrid Depósito 2 17/01/2008     F-500-2 1078368 23/02/2023 23/02/2023 Libro impreso